000 00344 a2200157 4500
001 47196
020 _a85322594799
040 _cAnchieta - Aquarius
100 _aBraido, Selma
240 1 0 _a#A velha lamparina
_lpor
245 1 0 _a#A velha lamparina
300 _a16
362 0 _a2009
650 4 _aLiteratura infanto-juvenil
942 _cBK
999 _c47196
_d47196